000 00831nas a2200253 4500
001 BR9703474
003 BR-BrBNA
005 20231205100324.0
007 ta
008 230509b bl.|||p| |||| 00| 00por d
040 _aBR-BrBNA
_bpor
_cBiblioteca Nacional de Agricultura
041 _a(En)
072 _aF06; F04
100 1 _aLima, M.D.B.
245 1 _aInfluence of soil amendments on dry matter production, concentration and adsorption of boron by broadbean (Vicia faba)under irrigation with waters having different boron concentration levels
650 _aIrrigacao
650 _aFeijao Fava
650 _aCalagem
650 _aMateria Seca
650 _aBoro
773 0 _tIRRIGA (Brazil)
_xISSN 1413-7895
_g(1996), v. 1(3) p. 16-29
_wBR9703474
909 _a202311
_bLúcia
_c55
_dLúcia Elande
942 _2AGRIS
_n0
_cANA
999 _c155349
_d155349